Normal view
MARC view
- Sawhney A K
Entry Personal Name
001 - CONTROL NUMBER
- control field: 4921
003 - CONTROL NUMBER IDENTIFIER
- control field: OSt
005 - DATE AND TIME OF LATEST TRANSACTION
- control field: 20210806151059.0
008 - FIXED-LENGTH DATA ELEMENTS
- fixed length control field: 210806|| aca||aabn | a|a d
040 ## - CATALOGING SOURCE
- Original cataloging agency: OSt
- Transcribing agency: OSt
100 ## - HEADING--PERSONAL NAME
- Personal name: Sawhney A K
- Personal name: Puneet Sawhney
670 ## - SOURCE DATA FOUND
- Source citation: Work cat.: (OSt): Sawhney A K Puneet Sawhney, Course in mechanical measurements and instrumentation & control, 2010
